Cechy Ilościowe - Statystyki

Ogólne statystyki
  • Ten quiz został rozwiązany 101 razy
  • Średni wynik to 2 z 10
Answers on the Grid
Answers color-coded by a green-red scale on the quiz's grid according to % correct below.
Czas trwania biegu (minuty)
Czas trwania serialu (sezony: "krótki" – 1 sezon, "długi" – 3 sezony)
Grupa społeczna
Kod PIN (np. 1234)
Kod pocztowy
Kraj urodzenia
Liczba dzieci w rodzinie
Liczba gości na weselu określona kategorią (małe, średnie, duże wesele)
Liczba punktów w konkursie (np. "bardzo dużo" lub "mało")
Liczba rodzeństwa
Liczba stron w książce
Numer PESEL
Numer pokoju w hotelu
Numer rejestracyjny samochodu (np. JP 2137)
Ocena usługi (1 gwiazdka, 2 gwiazdki, 5 gwiazdek)
Powierzchnia mieszkania (m²)
Poziom promieniowania UV ("niski", "średni", "wysoki")
Pozycja w klasyfikacji sportowej (1. miejsce, 2. miejsce)
Prędkość samochodu (km/h)
Roczny dochód (zł)
Rodzaj pomiaru: "zegarowy" lub "stoperowy"
Rodzaj testu (np. IQ, EQ)
Rok powstania budynku (np. "stary" – przed 1980 r., "nowy" – po 1980 r.)
Temperatura (np. "gorąco" lub "zimno")
Temperatura w stopniach Celsjusza
Waga ciała (kg)
Wiek osoby przypisany do kategorii ("młody", "starszy")
Wynik egzaminu w kategoriach (np. "zdany" lub "niezdany")
Wynik na skali Likerta (np. 1 – "zdecydowanie nie zgadzam się")
Wzrost człowieka (cm)
 
Statystyki odpowiedzi
Odpowiedź % Poprawnych
Roczny dochód (zł)
50%
Liczba dzieci w rodzinie
33%
Waga ciała (kg)
33%
Liczba rodzeństwa
17%
Prędkość samochodu (km/h)
17%
Temperatura w stopniach Celsjusza
17%
Czas trwania biegu (minuty)
0%
Liczba stron w książce
0%
Powierzchnia mieszkania (m²)
0%
Wzrost człowieka (cm)
0%
Nie znaleziono quizów pasujących do podanych kryteriów
Rozkład punktacji
Procent ludzi z każdym wynikiem
Percentyl według liczby udzielonych odpowiedzi
Twoja historia wyników
Nie rozwiązałeś tego quizu